000 00751nam a22002411 4500
001 ne 68000337
003 DLC
005 20260227111837.0
008 710901s1967 ua c s 00000 eng
010 _ane 68000337
025 _aPL480:UAR-8743
043 _af-ua---
050 0 _aHA37.E34
_bA5 1967
082 _a360/.962
110 1 0 _aUnited Arab Republic.
_bWizārat al-Shuʼūn al-Ijtimāʻīyah.
245 1 0 _aSocial statistics.
260 1 _a[Cairo]
_c1967.
300 _a24 p.
_bport.
_c19 cm.
350 _aN.T.
500 _aAt head of title: United Arab Republic. Ministry of Social Affairs.
500 _aOn cover: Conference of the Ministers of Social Affairs in Africa. Cairo, 10-13 April 1967.
651 0 _aEgypt
_xStatistics.
999 _c50002
_d50002